header

State of the Universe 2008 (Record no. 132102)

MARC details
000 -LEADER
fixed length control field 01275nam a2200313 a 4500
100 1# - MAIN ENTRY--AUTHOR NAME
Personal name Ratcliffe, Martin.
245 10 - TITLE STATEMENT
Title State of the Universe 2008
260 ## - PUBLICATION, DISTRIBUTION, ETC. (IMPRINT)
Place of publication Berlin :
Name of publisher Springer ;
Place of publication Chichester, U.K. :
Name of publisher Praxis Pub.,
Year of publication 2008.
300 ## - PHYSICAL DESCRIPTION
Number of Pages viii, 183 p. :
Other physical details col. ill., col. ports.
490 1# - SERIES STATEMENT
Series statement Springer-Praxis Books in popular astronomy
650 #0 - SUBJECT ADDED ENTRY--TOPICAL TERM
Topical Term Astronomy
Topical Term Space sciences
856 40 - ELECTRONIC LOCATION AND ACCESS
Uniform Resource Identifier http://site.ebrary.com/lib/rucke/Doc?id=10222918

No items available.

© 2026 Rongo University
Contact us: librarian | system librarian | Rongo university